Państwa Uni europejskiej - Statystyki

Ogólne statystyki
  • Ten quiz został rozwiązany 13 razy
  • Średni wynik to 24 z 27
Statystyki odpowiedzi
Odpowiedź % Poprawnych
Belgia
100%
Czechy
100%
Dania
100%
Estonia
100%
Litwa
100%
Łotwa
100%
Niemcy
100%
Polska
100%
Słowacja
100%
Austria
91%
Finlandia
91%
Grecja
91%
Hiszpania
91%
Holandia
91%
Irlandia
91%
Malta
91%
Portugalia
91%
Słowenia
91%
Szwecja
91%
Węgry
91%
Włochy
91%
Bulgaria
82%
Chorwacja
82%
Francja
82%
Luksemburg
82%
Rumunia
82%
Cypr
45%
Nie znaleziono quizów pasujących do podanych kryteriów
Rozkład punktacji
Procent ludzi z każdym wynikiem
Percentyl według liczby udzielonych odpowiedzi
Twoja historia wyników
Nie rozwiązałeś tego quizu